000 00652nam a2200193 i 4500
001 140910
003 ES-MaACL
005 20230906200159.0
007 t|
008 070918s1946 ag ||||1| spa d
100 1 _aWerfel, Franz.
_9116500
245 1 0 _aJuárez y Maximiliano
_b: historia dramática /
_cFranz Werfel ; [traducción de Elvira Martín y Annie Reney ; litografías originales de Edgar Koetz].
260 _aBuenos Aires :
_bEmecé,
_c[1946]
300 _a223 p., 7 lám. ;
_c23 cm.
700 1 _aMartín, Elvira.
_977291
700 1 _aReney, Annie.
_996213
700 1 _aKoetz, Edgar.
_968462
852 _aES-MaACL
_jG-1772
_bR.27206
999 _c140910
_d140910